| 000 | 00877nam a22002657a 4500 | ||
|---|---|---|---|
| 001 | 7920 | ||
| 003 | FISKH | ||
| 005 | 20250814083746.0 | ||
| 008 | 250814b cb ||||| |||| 00| 0 eng d | ||
| 020 | _a9781568999760 | ||
| 040 |
_aFISKH _beng _cFISKH _dFISKH |
||
| 050 | _aQL737.P63 S43 | ||
| 082 | _a599.7975 | ||
| 100 | _aGalvin, Laura Gates | ||
| 245 |
_aSea Lion swims : _bLet's go to the zoo / |
||
| 260 |
_aWashington : _bSoundprints, _c2001. |
||
| 300 |
_a16 unnumbered pages : _bcolor illustrations ; _c18 cm |
||
| 505 | _aE | ||
| 520 | _aEveryone loves swimming on a sunny day, especially Sea Lion! But when the water looks cold, sometines it's better to stay dry. Includes a soft plush toy. | ||
| 521 | 8 |
_a160
_bLexile estimate |
|
| 521 | 8 |
_aE
_bRaz-Plus |
|
| 650 |
_aAnimals _vLife Science _xBoard Book |
||
| 942 |
_2ddc _cBK _n0 |
||
| 999 |
_c7920 _d7920 |
||